000 00433nam a2200169Ia 4500
003 0100
008 130303s9999 xx 000 0 und d
040 _cARRUPELIB
050 _aPC2271.K4 1963
100 _aKendris, Christopher
245 _a201 French verbs fully conjugated in all the tenses aphabetically arranged
260 _aNY
260 _bBarron's Educational Series
260 _C1963
300 _a206p
942 0 0 _01
999 _c42229
_d42229